|
|
|
|
| LEADER |
00000nam0a2200000 4500 |
| 001 |
71212 |
| 005 |
20231031082430.0 |
| 010 |
|
|
|a 5699121137
|
| 035 |
|
|
|a (RuTPU)RU\TPU\book\75816
|
| 090 |
|
|
|a 71212
|
| 100 |
|
|
|a 20041211d2005 m y0rusy50 ca
|
| 101 |
0 |
|
|a rus
|
| 102 |
|
|
|a RU
|
| 105 |
|
|
|a y j 001zy
|
| 200 |
1 |
|
|a Теория государства и права
|e учебник
|f Л. А. Морозова
|
| 205 |
|
|
|a 2-е изд., перераб. и доп.
|
| 210 |
|
|
|a Москва
|c Эксмо
|d 2005
|
| 215 |
|
|
|a 448 с.
|
| 225 |
1 |
|
|a Российское юридическое образование
|
| 320 |
|
|
|a Библиогр.: с. 442-447.
|
| 330 |
|
|
|a Учебник соответствует государственному образовательному стандарту, программе по теории государства и права для юридических вузов и отражает современное состояние юридической науки. Темы учебника излагаются в последовательности, которая доказала свою целесообразность в учебном процессе и ориентирует на творческое усвоение основополагающих понятий, категорий и юридических конструкций. Книга отличается постановкой актуальных узловых проблем, которые освещаются наряду с традиционными общетеоретическими вопросами. Для студентов юридических вузов, слушателей других учебных заведений юридического профиля, преподавателей и аспирантов.
|
| 610 |
1 |
|
|a право
|
| 610 |
1 |
|
|a государство
|
| 610 |
1 |
|
|a методология
|
| 610 |
1 |
|
|a происхождение
|
| 610 |
1 |
|
|a типология
|
| 610 |
1 |
|
|a власть
|
| 610 |
1 |
|
|a правление
|
| 610 |
1 |
|
|a формы
|
| 610 |
1 |
|
|a функции
|
| 610 |
1 |
|
|a государственные органы
|
| 610 |
1 |
|
|a политическая система
|
| 610 |
1 |
|
|a Советское государство
|
| 610 |
1 |
|
|a общественные отношения
|
| 610 |
1 |
|
|a нормы права
|
| 610 |
1 |
|
|a законы
|
| 610 |
1 |
|
|a правовые системы
|
| 610 |
1 |
|
|a правотворчество
|
| 610 |
1 |
|
|a правоотношения
|
| 610 |
1 |
|
|a юридические коллизии
|
| 610 |
1 |
|
|a толкование
|
| 610 |
1 |
|
|a правовое регулирование
|
| 610 |
1 |
|
|a правомерное поведение
|
| 610 |
1 |
|
|a правонарушения
|
| 610 |
1 |
|
|a правопорядок
|
| 610 |
1 |
|
|a правосознание
|
| 610 |
1 |
|
|a гражданское общество
|
| 610 |
1 |
|
|a социальное государство
|
| 610 |
1 |
|
|a правовое государство
|
| 610 |
1 |
|
|a права человека
|
| 610 |
1 |
|
|a Россия
|
| 610 |
1 |
|
|a учебники
|
| 610 |
1 |
|
|a человек
|
| 686 |
|
|
|a Х0я73
|v LBC/SL-A
|2 rubbk
|
| 700 |
|
1 |
|a Морозова
|b Л. А.
|g Людмила Александровна
|
| 801 |
|
1 |
|a RU
|b 63413507
|c 20041211
|g PSBO
|
| 801 |
|
2 |
|a RU
|b 63413507
|c 20211014
|g PSBO
|
| 900 |
|
|
|a Правоведение
|
| 942 |
|
|
|c BK
|
| 952 |
|
|
|b 030501
|
| 955 |
|
|
|b 030501
|
| 959 |
|
|
|a 18/20060226
|d 2
|e 203,39
|f АНЛ:1
|f НФ:1
|